000 00657nam a2200241Ia 4500
003 OSt
005 20221007110204.0
006 a|||||r|||| 00| 0
007 ta
008 221006b |||||||| |||| 00| 0 eng d
024 _a20,574
037 _cTextual
040 _aLCO
_cLCO
_beng
041 _2eng
_aeng
082 _aZ1,6, L4
100 _aSzaszy Istvan
_9116807
245 0 _aConflicts of Laws in the Western Socialist and Developing Countries
260 _aLeiden
_bA.W.Sijthoff Netherland
_c1974
300 _a424
650 _aCONFLICT
_9707194
942 _hZ1,6, L4
_cTEXL
999 _c1190137
_d1190137